00638nam a2200169 a 450000100100000000500170001000800410002704000250006808200150009310000420010824500660015026000280021630000210024450000730026595201130033899900170045100003462620200930073814.0111010s2004 dr 000 0 spa d aDO-SdBNPbspacBNPHU axxxxbI46s1 aIngenieros, José,d1877-192591660113aLa simulación en la lucha por la vida. /cJosé Ingeniero. c[s. l.bs. n.,c19--?]. a162 p. ;c21 cm. aIncluye referencias bibliográficas y notas al pie de las páginas 0010718PDaGRbGRcCTd2011-10-10iLF1l0oxxxx I46sp34626-10r2020-06-25w2020-06-25yLFPDZNo se presta c34117d34117